00423nam a2200121Ia 45000010005000000080041000050820029000461000062000752450096001372600024002339010029002579990015002862626241024s9999 xx 000 0 und d aRD/370.97293/R426mo/2010 aRepública Dominicana. Ministerio de Educación, MINERD 0aModelo pedagógico centrado en el aprendizaje con convergencia de medios. Documento base 1 bSanto Domingoc2010 a29/11/2012 11:11:20 a.m. c9014d9014